| Tag |
First Indicator |
Second Indicator |
Subfields |
| LEADER |
00000cam a2200000 a 4500 |
| 001 |
in00000029945 |
| 005 |
20160512124247.0 |
| 008 |
870413s1982 fr b 00100 fre d |
| 035 |
|
|
|a (OCoLC)15525809
|
| 035 |
|
|
|9 AAB6342AM
|
| 040 |
|
|
|a MMU
|c MMU
|d AGL
|d TXA
|d UtOrBLW
|
| 041 |
0 |
|
|a fre
|a eng
|
| 049 |
|
|
|a TXAM
|c [A10204904]
|
| 050 |
|
4 |
|a Z6240
|b .I5 1982
|
| 050 |
0 |
0 |
|a SF285
|b .I52
|
| 070 |
0 |
|
|a Z6240.I5
|
| 072 |
|
0 |
|a L100
|a X200
|
| 245 |
0 |
0 |
|a Index des recherches et publications sur le cheval en France, 1970-1980 =
|b Index of equine research and publications in France, 1970-1980.
|
| 246 |
3 |
1 |
|a Index of equine research and publications in France, 1970-1980.
|
| 264 |
|
1 |
|a Paris :
|b C.E.R.E.O.P.A.,
|c 1982.
|
| 300 |
|
|
|a 129 pages ;
|c 21 cm.
|
| 336 |
|
|
|a text
|b txt
|2 rdacontent
|
| 337 |
|
|
|a unmediated
|b n
|2 rdamedia
|
| 338 |
|
|
|a volume
|b nc
|2 rdacarrier
|
| 500 |
|
|
|a French and English text.
|
| 500 |
|
|
|a Includes indexes.
|
| 650 |
|
0 |
|a Horses
|x Research
|z France
|x Bibliography.
|
| 710 |
2 |
|
|a CEREOPA (Organization)
|
| 740 |
0 |
|
|a Index of equine research and publications in France, 1970-1980.
|
| 999 |
|
|
|a MARS
|
| 999 |
f |
f |
|s 58ee8fb0-68a9-309e-be76-fe6b2d854751
|i b414b533-886d-3db1-acab-e7f1b7ae6eb0
|t 0
|
| 952 |
f |
f |
|p ric
|a Texas A&M University
|b Rellis Campus
|c Joint Library Facility
|d Remote Storage
|t 0
|e Z6240 .I5 1982
|h Library of Congress classification
|i unmediated -- volume
|m A14810204904
|
| 998 |
f |
f |
|a Z6240 .I5 1982
|t 0
|l Remote Storage
|